Loading...
Biochemistry of plants and animals
| Main Author: | |
|---|---|
| Other Authors: | , |
| Format: | Printed Book |
| Language: | Undetermined English |
| Published: |
New Delhi
Wiley Eastern Limited
1968
|
| Subjects: |
| LEADER | 00696nam a2200229Ia 4500 | ||
|---|---|---|---|
| 008 | 140306s9999 xx 000 0 und d | ||
| 041 | |a eng | ||
| 082 | |a 574.192 |b MAL/BI | ||
| 100 | |a Althouse, P.M | ||
| 700 | |a Clagett, C.O | ||
| 700 | |a Mallette, M.F | ||
| 245 | |a Biochemistry of plants and animals | ||
| 260 | |a New Delhi |b Wiley Eastern Limited |c 1968 | ||
| 300 | |a 552 | ||
| 365 | |b Rs.110.40 | ||
| 650 | |a Agricultural | ||
| 650 | |a Carbohydrates | ||
| 650 | |a Chemistry | ||
| 650 | |a Matter | ||
| 942 | |2 ddc |c BK | ||
| 999 | |c 114422 |d 114422 | ||
| 952 | |0 0 |1 0 |2 ddc |4 0 |6 574_192000000000000_MALBI |7 0 |9 112500 |a KAUHCV |b KAUHCV |d 2004-04-21 |g 110.40 |o 574.192 MAL/BI |p KAU_HCV-1779 |r 2014-03-22 |w 2014-03-22 |y BK | ||